LEADER 01330nam a2200301 i 4500 001 000000129565 003 CaOOAMICUS 005 20070705000000.0 008 070705s1993 it u000 u ita u 013 $a102298 020 $a88-0437282-6 040 $aSeMil$bita 100 1 $aCossiga, Francesco,$c.$0(OLS)http://semarc/name/48936 245 13$aIl torto e il diritto :$bquasi un'autobiografia personale /$cFrancesco Cossiga ; A cura di Pasquale Chessa. 260 $aMilano :$bMondadori,$c1993. 300 $a293 p. ;$c23 cm. 490 0 $aIngrandimenti 500 $aCon dedica autografa dell'Autore al card. C.M. Martini. - Fondo card. C.M. Martini. 650 4$aItalia - Politica - 1985-1992.$0(OLS)http://semarc/subject/25603 700 1 $aChessa, Pasquale.$0(OLS)http://semarc/name/53713 830 0$aIngrandimenti.$0(OLS)http://semarc/title/6838 850 $aSeMil 852 $aSeMil$W1$xVenegono$y1$m3N III 557$j83679$B83679$CSeMilBibl$Z2$F125714 $81 941 1 $a4 961 $aOmaggio: Martini Card. Carlo Maria 996 $6020$a88-0437282-6$9(OLS)http://semarc/number/116347 996 $6245$aIl torto e il diritto :$bquasi un'autobiografia personale$9(OLS)http://semarc/title/191183 996 $6260$aMilano :$bMondadori$9(OLS)http://semarc/publisher/30335 LEADER 00893nam a2200253 i 4500 001 000000193223 003 CaOOAMICUS 005 20150330000000.0 008 150330n it u000 u ita u 013 $a171863 040 $aSeMil$bita 100 1 $aHuysmans, Joris-Karl,$d<1848-1907>.$0(OLS)http://semarc/name/18746 245 10$aControcorrente /$cdi J. K. Huysmans. 260 $aMilano :$bGentile,$cstampa 1944. 300 $a277 p. ;$c18 cm. 490 0 $aLa ruota ;$v2 500 $aFondo card. Giovanni Colombo. 830 3$aLa ruota ;$v2.$0(OLS)http://semarc/title/42981 850 $aSeMil 852 $aSeMil$W1$xVenegono$y1$m3GC I 314$j143797$B143797$CSeMilBibl$Z2$F155280 $8B 941 1 $a3 961 $aLascito: Colombo Card. Giovanni 996 $6245$aControcorrente$9(OLS)http://semarc/title/278555 996 $6260$aMilano :$bGentile$9(OLS)http://semarc/publisher/32501